| 000 | 01021nam a2200277 4500 | ||
|---|---|---|---|
| 003 | OSt | ||
| 005 | 20260530115307.0 | ||
| 008 | 260505b2000 cl a|||| |||| 00| 0 spa d | ||
| 040 |
_aICI _bspa _cICI |
||
| 041 | _aspa | ||
| 050 |
_aNK1505 _bD57 2000 |
||
| 245 | 1 | 0 |
_aDiseño Chileno 1996-2000 / _ceditor Gonzalo Castillo |
| 264 | 1 |
_aChile : _bAsociación Chilena de Empresas de Diseño, _c2000 |
|
| 300 |
_a98 páginas : _bilustraciones |
||
| 336 |
_atexto _2rdacontent |
||
| 337 |
_asin medio _2rdamedia |
||
| 338 |
_avolumen _2rdacarrier |
||
| 520 | _aAnálisis de tendencias, innovaciones y perspectivas del diseño en el contexto del cambio hacia el siglo XXI. | ||
| 650 | 0 |
_aDiseño industrial _xInnovaciones. _932196 |
|
| 650 | 0 |
_aDiseño gráfico _xTendencias. _932197 |
|
| 650 | 0 |
_aComunicación visual _xDesarrolo. _932198 |
|
| 650 | 0 |
_aArte contemporáneo _xInfluencia en el diseño. _932199 |
|
| 650 | 0 |
_aDiseño _xProspectiva. _932200 |
|
| 700 | 1 |
_aCastillo, Gonzalo, _eeditor _932201 |
|
| 942 |
_2lcc _cBK _n1 |
||
| 999 |
_c13153 _d13153 |
||